Giáo trình phương pháp dạy và học kĩ năng làm văn : Lựa chon - nghe - nói - đọc - viết : (Dùng cho giáo viên, sinh viên hệ CĐSP & ĐHSP)

Sách trình bày hệ thống các phương pháp dạy và học các kĩ năng làm văn. Nội dung sách được chia thành ba phần. Phần 1 Phương pháp dạy và học kĩ năng lựa chọn - nói. Phần 2 Phương pháp dạy và học kĩ năng lựa chọn - tư duy. Phần 3 Phương phá...

Volledige beschrijving

Bewaard in:
Bibliografische gegevens
Hoofdauteur: Mai, Thị Kiều Phượng
Formaat: Boek
Taal:Undetermined
Gepubliceerd in: Hà Nội Đại học Quốc gia Hà Nội 2009
Onderwerpen:
Tags: Voeg label toe
Geen labels, Wees de eerste die dit record labelt!
Thư viện lưu trữ: Trung tâm Học liệu Trường Đại học Cần Thơ
LEADER 01226nam a2200229Ia 4500
001 CTU_159604
008 210402s9999 xx 000 0 und d
020 |c 70000 
082 |a 807.1 
082 |b Ph561 
100 |a Mai, Thị Kiều Phượng 
245 0 |a Giáo trình phương pháp dạy và học kĩ năng làm văn : 
245 0 |b Lựa chon - nghe - nói - đọc - viết : (Dùng cho giáo viên, sinh viên hệ CĐSP & ĐHSP) 
245 0 |c Mai Thị Kiều Phượng 
260 |a Hà Nội 
260 |b Đại học Quốc gia Hà Nội 
260 |c 2009 
520 |a Sách trình bày hệ thống các phương pháp dạy và học các kĩ năng làm văn. Nội dung sách được chia thành ba phần. Phần 1 Phương pháp dạy và học kĩ năng lựa chọn - nói. Phần 2 Phương pháp dạy và học kĩ năng lựa chọn - tư duy. Phần 3 Phương pháp dạy và học lĩ năng lựa chọn - viết 
650 |a Literature,Văn học 
650 |x Study and teaching,Dạy và học 
904 |i Huỳnh Mai 
980 |a Trung tâm Học liệu Trường Đại học Cần Thơ